Land delivery for low income groups in Third World cities

Αποθηκεύτηκε σε:
Λεπτομέρειες βιβλιογραφικής εγγραφής
Κύριος συγγραφέας: Baken, Robert Jan 1959-
Άλλοι συγγραφείς: Linden, J. J. van der
Μορφή: Βιβλίο
Γλώσσα:English
Δημοσίευση: Aldershot : Avebury, c1992
Θέματα:
Ετικέτες: Προσθήκη ετικέτας
Δεν υπάρχουν, Καταχωρήστε ετικέτα πρώτοι!

MARC

LEADER 00000nam a2200000 i 4500
001 1/87353
008 990722s1992 eng d
020 |a 1-85628-373-9 
035 |l 10052275 
040 |a GR-MY-UA  |b gre  |e aacr 
041 0 |a eng 
082 0 |a 333.7713091724 
100 1 |a Baken, Robert Jan  |d 1959- 
245 1 0 |a Land delivery for low income groups in Third World cities /  |c Robert Jan Baken, Jan van der Linden 
260 |a Aldershot :   |b Avebury,   |c c1992 
300 |a 112 p. 
504 |a Includes bibliographical references 
650 0 0 |a Land use, Urban  |z Developing countries. 
650 0 0 |a Poor  |z Developing countries. 
700 1 |a Linden, J. J. van der. 
852 |a INST  |b LESVOS  |e 19990722  |h 333.7713091724 BAK  |p 005100022691  |q 005100022691  |t BK  |y 0 
901 |a BIBL1-1999-3 
909 |a Λ  |b 062547 
922 |a 1ΕΛΗ  |b 199812  |c ΚΠΣ/ΤΓ  |d LEADER 
950 |a 118-1998-10-19 
970 |a ΤΖΑΦΕΡΗ  |b ΕΥΑΓΓΕΛΙΑ  |z 1999/11/25